| 000 | 00651nam a22001937a 4500 | ||
|---|---|---|---|
| 999 |
_c7734 _d7734 |
||
| 003 | AR-CdUCM | ||
| 008 | 190321b ||||| |||| 00| 0 spa d | ||
| 040 |
_aMUNICIPALIDAD PROVINCIAL DEL CUSCO _cBIBLIOTECA MUNICIPAL DEL CUSCO |
||
| 082 |
_a537 / _bES92 |
||
| 110 |
_aComisión Federal de Electricidad _921851 |
||
| 245 | _aEstadísticas por Entidad Federativa 1985 / | ||
| 260 |
_aMéxico : _bFederación Editorial Mexicana ; _c1986. |
||
| 300 |
_a43 páginas ; _bTablas _c20cm |
||
| 505 | _aContenido: Estadísticas del sector eléctrico | ||
| 650 |
_aSector eléctrico _921852 |
||
| 650 |
_aMéxico _918 |
||
| 942 |
_2ddc _cLIBROS |
||
| 945 | _anom | ||